000 00561nam a22001697a 4500
003 OSt
005 20240927162403.0
008 240927b |||||||| |||| 00| 0 eng d
040 _c0
082 _aDPer 050 R22 2000 June -December 2023 v123 no. 7124-728
100 _a Hickling, Susanah.
_eauhtor.
_961754
245 _aHealth :
_bredress the balance /
_cSusanah Hickling.
260 _aTaipei ; x
_bReader's Digest Asia,
_cJuly 2023.
300 _aVolume 123, pages18-21 ,
_billustration.
700 _a Hickling, Susanah.
_eauhtor.
_961754
942 _2ddc
_cPER
999 _c21973
_d21973